Responses for Show #8727 - Tuesday, October 25, 2022

2022 Second Chance competition week 2, semifinal game 2.

Contestants

[<< previous game]

Jack Weller, a law student originally from San Diego, California

Alicia O'Hare, a social worker from Long Beach, New York

Tom Philipose, a writing professor from Forest Hills, New York

[next game >>]

Jeopardy! Round responses

WOMEN ON THE MAP
TV CARTOONS
A GREEN PARTY
THE ELEMENTS
McDONALD'S AROUND THE WORLD
PLURALS THAT DON'T END IN S
    $200 16
(Queen) Victoria

Tom
    $200 30
SpongeBob SquarePants

Tom
    $200 29
(Tom: Who is [*]s?)

Jack Daniel

Tom
    $200 28
(Tom: What is sulfur?)
(Alicia: What is carbon?)

nitrogen

TomAliciaJack
    $200 24
India

Tom
    $200 23
radii

Alicia
    $400 8
Argentina

Jack
    $400 25
Barney Rubble

Alicia
    $400 26
the Celtics

Tom
    $400 27
(Tom: What is uranium?)

radium

TomAlicia
    $400 18
Spam

Jack
    $400 22
(Jack: What are meese?)
(Ken: [Laughing] No.)
[Laughter]
(Ken: No, Jack.)
(Alicia: What is [*]?)
(Ken: What are [*]?)

moose

AliciaJack
    $600 7
Antarctica

Jack
    $600 21
Bob's Burgers

Alicia
    $600 20
Al Green

Alicia
    $600 10
quicksilver

Jack
    $600 3
poutine

Alicia
    $600 4
(Alicia: What is [*]?)
(Ken: Well, what are [*]? But yes.)
[Laughter]

curricula

Alicia
    $800 2
Martha's Vineyard

Tom
    $800 1
Arthur

Jack
    $800 9
Ethan Allen

Alicia
    $800 11
selenium

Jack
    $800 17
(Ken: Mmm, yes.)

Vegemite

Alicia
    $800 5
foci

Jack
    $1000 6
Adelaide

Jack
    $1000 14
He-Man

Tom
    $1000 19
(Tom: Um... what is Lexington?)

Bowling Green

TomAlicia
    $4,000 12
(Ken: Iodized salt, you are correct.)

iodine

Jack
    $1000 13
(Jack: What are arepas?)

empanadas

TomJack
    $1000 15
schemata

Jack

Scores at the first commercial break (after clue 15):

Tom Alicia Jack
$2,800 $2,000 $9,000

Scores at the end of the Jeopardy! Round:

Tom Alicia Jack
$2,400 $6,200 $9,200

Double Jeopardy! Round responses

REVOLTS
RECENT MOVIES
MISCELLANY
FESTIVALS
ESSAY QUESTIONS
RHYMER'S DELIGHT
(Ken: Each response in this category has two words that both rhyme with the word "delight".)
    $400 13
(Alicia: Who's, uh, Che Guevara?)

Castro

TomAlicia
    $400 27
the Minions

Tom
    $400 26
Denver

Alicia
    $400 30
Chinese New Year

Triple Stumper
    $400 29
(Alicia: What is a tiger?)
...
(Ken: That's right, "Shooting [*]".)

an elephant

TomAlicia
    $400 28
(Alicia: Midnight cat--what is [*]?)

midnight catfight

Alicia
    $800 10
Santa Fe

Tom
    $800 3
Jeff Goldblum

Alicia
    $800 18
agave

Tom
    $800 25
Sapporo

Jack
    $800 4
a cruise

Alicia
    $800 21
expedite dynamite

Jack
    $5,000 7
(Jack: Who are the [*]ists?)
(Ken: [*] is the month.)

December

Jack
    $1200 2
Brad Pitt

Triple Stumper
    $1200 17
alphabet soup

Jack
    $1200 24
Fringe Festival

Tom
    $1200 5
(James) Baldwin

Jack
    $1200 1
(Tom: Let's go away from that--RECENT MOVIES $1200.)
[Laughter]

to greenlight a website

Triple Stumper
    $1600 6
Sicily

Jack
    $1600 14
Han

Tom
    $1600 16
Verdi

Alicia
    $1600 23
Glastonbury

Jack
    $3,000 8
Civil Disobedience

Jack
    $1600 19
Luddite playwright

Alicia
    $2000 9
the Hapsburgs

Jack
    $2000 12
Michelle Yeoh

Jack
    $2000 15
endometriosis

Alicia
    $2000 22
(Ken: That's the Festival of San [*].)

Fermin

Triple Stumper
    $2000 11
(Jack: Who is Kakutani?)

(Amy) Tan

TomJack
    $2000 20
(Ken: I hate those guys.)
[Laughter]

an impolite Jacobite

Triple Stumper

Scores at the end of the Double Jeopardy! Round:

Tom Alicia Jack
$10,000 $13,000 $26,400
(lock game)

[wagering suggestions for these scores]

Final Jeopardy! Round responses

BODIES OF WATER
(Ken: [To Jack] These are the straits between Denmark on the south and Norway and Sweden on the north.)
TomWhat are Caspian + Black?
$3,001
AliciaWhat are the A North & Atlantic
$13,000
JackWhat are the Baltic + North Seas?
$100
the Baltic & North Seas

Final scores:

Tom Alicia Jack
$6,999 $0 $26,500
2nd place: $2,000 3rd place: $1,000 Finalist

Game dynamics:

Coryat scores:

Tom Alicia Jack
$10,000 $13,000 $18,200
16 R,
3 W
18 R,
3 W
21 R
(including 3 DDs),
3 W

Combined Coryat: $41,200

[game clues] [game scores] [suggest correction]

Game tape date: 2022-09-15
The J! Archive is created by fans, for fans. Scraping, republication, monetization, and malicious use prohibited; this site may use cookies and collect identifying information. See terms. The Jeopardy! game show and all elements thereof, including but not limited to copyright and trademark thereto, are the property of Jeopardy Productions, Inc. and are protected under law. This website is not affiliated with, sponsored by, or operated by Jeopardy Productions, Inc. Join the discussion at JBoard.tv.